Click Florida Cities On A Map - Statistics

General Stats
  • This quiz has been taken 31 times
  • The average score is 11 of 14
Answers on the Map
Answers color-coded by a green-red scale on the quiz's map according to % correct below.
 
Answer Stats
Answer % Correct
Key West
92%
Orlando
92%
Jacksonville
88%
Miami
88%
Tampa
88%
Fort Myers
80%
Okeechobee
80%
Pensacola
80%
Tallahassee
80%
Gainesville
76%
Palm Beach
76%
Panama City
76%
Cape Canaveral
68%
Daytona Beach
68%
No matching quizzes found
Score Distribution
Percent of People with Each Score
Percentile by Number Answered
Your Score History
You have not taken this quiz